000 05966nam a22005057a 4500
005 20081117102341.0
008 081117t xxu||||| |||| 00| 0 eng d
010 _aB-274325-347
020 _a9788189866655
_c245.00
035 _aB-274325-347
037 _aI.K. / 2008/CRB/0000445/6.06.08/58/16.5.08/20.6.08
040 _adpl
_bEnglish
082 _a620.00151
100 _aRao, G. Shanker
245 _aEngineering mathematics /
_cby G. Shanker Rao
260 _aNew Delhi
_bI.K. International Publishing House
_c2007
270 _aS-25, Green Park Extension, Uphaar Cinema Market,
_bNew Delhi
_e110016
300 _av,1 (xiv, 519p.)
_c24cm (pbk)
500 _aIncluses index
942 _2ddc
_cEN
_mRAO
_h620.00151
999 _c18469
_d18469